000 01092nam a22003610a 4500
001 PT21754
003 AR-LpoUNG
005 20210131233028.0
008 191001s2006||||ag |||||||||||||||||spa d
020 _a950515352X
_c$4,9
020 _a9789505153527
_c$4,9
040 _aAR-LpoUNG
_bspa
_cAR-LpoUNG
_eaacr
041 _aspa
044 _aag
082 0 _a982.063 223ope
100 1 _aWalsh, Rodolfo
245 1 0 _aOperación Masacre
250 _a32da. ed.
260 _aBuenos Aires :
_bDe la Flor,
_c2006.
300 _a240 p. :
_bil.
520 _a<p>Clásico de la literatura política argentina, narra el levantamiento de los generales Tanco y Valle al gobierno de facto que había destituído a Perón en setiembre de 1955, que fue reprimido brutal e ilegalmente.</p>
650 4 _aANALISIS HISTORICO
650 4 _aARGENTINA
650 4 _aGOBIERNO MILITAR
650 4 _aGOLPES DE ESTADO
650 4 _aHISTORIA POLITICA
650 4 _aHISTORIA SOCIAL
650 4 _aTORTURA
651 4 _aArgentina
653 _aPERONISMO
905 _a21754
942 _cLIB
999 _c18785
_d18785